Non-IACS land in demand. (Record no. 73789)
[ view plain ]
| 000 -LEADER | |
|---|---|
| fixed length control field | 00692cam a2200181 4500 |
| 001 - CONTROL NUMBER | |
| control field | WB3943-15 |
| 008 - FIXED-LENGTH DATA ELEMENTS--GENERAL INFORMATION | |
| fixed length control field | 031113n2003 000 0 eng u |
| 035 ## - SYSTEM CONTROL NUMBER | |
| System control number | (Sirsi) u124318 |
| 245 ## - TITLE STATEMENT | |
| Title | Non-IACS land in demand. |
| 260 ## - PUBLICATION, DISTRIBUTION, ETC. | |
| -- | 2003 |
| 490 ## - SERIES STATEMENT | |
| Series statement | Farmers' Weekly |
| Volume/sequential designation | 139(18) 31 October 2003, 20(1) |
| 520 ## - SUMMARY, ETC. | |
| Summary, etc. | Non-IACS registered land is to be in big demand according to consultants at Laurence Gould. Land that has no history of subsidies is required by farmers who want to retain their existing entitlement which is larger than the area they already farm. |
| 590 ## - LOCAL NOTE (RLIN) | |
| Local note | WB |
| 650 ## - SUBJECT ADDED ENTRY--TOPICAL TERM | |
| Topical term or geographic name entry element | FARM SUBSIDIES |
| 650 ## - SUBJECT ADDED ENTRY--TOPICAL TERM | |
| Topical term or geographic name entry element | FARMLAND |
| 690 ## - LOCAL SUBJECT ADDED ENTRY--TOPICAL TERM (OCLC, RLIN) | |
| Topical term or geographic name as entry element | RURAL-AGRICULTURE AND FORESTRY |
| 942 ## - ADDED ENTRY ELEMENTS (KOHA) | |
| Suppress in OPAC | 0 |
| Withdrawn status | Lost status | Source of classification or shelving scheme | Damaged status | Not for loan | Home library | Current library | Shelving location | Date acquired | Total Checkouts | Full call number | Barcode | Date last seen | Copy number | Price effective from | Koha item type |
|---|---|---|---|---|---|---|---|---|---|---|---|---|---|---|---|
| Dewey Decimal Classification | London | London | News article | 13/11/2003 | WB3943-15 | 124318-1001 | 06/08/2019 | 1 | 06/08/2019 | News article |